What's that? - on the street - Statistics

General Stats
  • This quiz has been taken 52 times
  • The average score is 7 of 20
Answer Stats
Picture Answer % Correct
Truck
84%
Trunk
73%
Lorry
67%
Sidewalk
67%
Tram
55%
Boot
49%
Zebra crossing
49%
Crosswalk
39%
Motorway
39%
Pavement
39%
Trolley
31%
Pedestrian crossing
29%
Freeway
22%
Station wagon
20%
Streetcar
20%
Footpath
14%
Estate car
8%
Expressway
6%
Boom barrier
0%
Boom gate
0%
No matching quizzes found
Score Distribution
Percent of People with Each Score
Percentile by Number Answered
Your Score History
You have not taken this quiz